| 000 | 00661nam a2200217 a 4500 | ||
|---|---|---|---|
| 005 | 20210219153258.0 | ||
| 008 | 991125n 000 0 u | ||
| 035 | _aUPN01000088212 | ||
| 100 | _aJohnson, William B. | ||
| 222 | 0 | _aEDUCATIONAL TECHNOLOGY RESEARCH AND DEVELOPMENT | |
| 245 | 0 | _aModeling student performance in diagnostic tasks : A decade of evolution | |
| 300 | _a81-93 | ||
| 362 | _a40, No. 4, 1992 | ||
| 505 | _aSeptiembre 1993 | ||
| 653 | 0 | _aDISEÑO ASISTIDO POR ORDENADOR | |
| 653 | 0 | _aMETODOS DE ADIESTRAMIENTO | |
| 653 | 0 | _aSIMULACION EN COMPUTADORA | |
| 700 | _aNorton, Jeffrey E. | ||
| 904 |
_aAC _b026023 |
||
| 905 | _aArticulo | ||
| 999 |
_c72887 _d72887 |
||